Quizzes
Events
Quiz Creation
Community
Videos
Private Events
Remove Ads
Sign In
Join for FREE
Feedback
Dark Mode
Quiz Categories
Sports
Geography
Music
Movies
Television
Just For Fun
Miscellaneous
History
Literature
Language
Science
Gaming
Entertainment
Religion
Holiday
For Kids
Quiz Lab
Recent
Popular Today
Quiz Kudos Today
Editor Picks
Curator Picks
Quizzes by...
Day
Popularity
Type
Ratings
Length
Year
Community
Subscriptions
Recent Discussions
Orange Saloon
Badges
Playlists
Quests
Create
Leaderboards
Showdown
Live 5
Trivia Bingo
Activity
Puzzle Library
Sporcle Events
Private Events
Virtual Trivia
Globe League
Become a Host
Pub Owners
SporcleCon
Opinionation
Our Games
Videos
Blog
Mobile Apps
Partnerships
Remove Ads and Go Orange
Feedback
Sports
Athletes
MLB
NBA
NHL
NFL
Soccer
Sports Teams
WWE
NCAA
Football
Premier League
Basketball
Baseball
Hockey
Golf
Tennis
Cricket
Rugby
Auto Racing
Olympics
World Cup
Sports
Athletes
MLB
NBA
NHL
NFL
Soccer
Sports Teams
WWE
NCAA
Football
Premier League
Basketball
Baseball
Hockey
Golf
Tennis
Cricket
Rugby
Auto Racing
Olympics
World Cup
Random Quiz
Search Sporcle
×
Quiz Lab
Quiz Lab
Sports
World Cup
Type in answers that appear in a list
Type in answers that appear in a list
Classic
Best Score? Go Orange.
Scored against Ireland Stats
Can you name the players who have scored against the Republic of Ireland at major international tournaments?
By
thomchak
5m
21 Questions
98 Plays
98 Plays
98 Plays
Comments
Comments
Give Quiz Kudos
Give Quiz Kudos
-
- Ratings
hide this ad
Replay
Link that replays current quiz
Next Quiz
Link to next quiz in quiz playlist
You Got
0%
They Got
Avg Score
46%
Avg Friend Score
Upgrade to see
Score Distribution
Jump to the score distribution portion of the page
Score
0/21
Timer
05:00
0
Plays Today
Tournament
Player
% Correct
Euro 2012
Fernando Torres
78.6%
Euro 2012
Fernando Torres
78.6%
World Cup 1990
Gary Lineker
71.4%
World Cup 2002
Miroslav Klose
71.4%
Euro 2012
Mario Balotelli
70.4%
World Cup 1990
Ruud Gullit
67.3%
World Cup 1994
Dennis Bergkamp
60.2%
Euro 2012
Mario Mandžukić
54.1%
Euro 2012
Mario Mandžukić
54.1%
World Cup 2002
Fernando Morientes
49%
Euro 2012
David Silva
48%
Tournament
Player
% Correct
World Cup 1990
Salvatore Schillaci
43.9%
Euro 2012
Cesc Fàbregas
39.8%
World Cup 1994
Wim Jonk
36.7%
Euro 1988
Wim Kieft
33.7%
World Cup 1994
Luis García
27.6%
World Cup 1994
Luis García
27.6%
Euro 2012
Nikica Jelavić
25.5%
Euro 2012
Antonio Cassano
17.3%
Euro 1988
Oleh Protasov
13.3%
World Cup 2002
Patrick M’Boma
5.1%
Quiz Playlist
Details
Report
Send in Message
Add To Playlist
Classic:
Type in answers that appear in a list
Quiz Source
Last Updated: Feb 16, 2017
Quiz Scoreboard
CHALLENGE
Sign Up to Join the Scoreboard
Show All
Scores
Hide
Comments
May contain spoilers
Recently Published
College Basketball Coaching Resumes
by pancakes188
Sports
9m
Billboard Blitz: Fleetwood Mac
by CooCooCachoo
Music
15s
Presidents Visiting Landmarks
by Hejman
History
7m
More to Explore
Quiz From the Vault
Featured Blog Post
Where Did the Easter Bunny Come From?
hide this ad
You Might Also Like...
Tags
World Cup Quiz
European Cup
European Football
Ireland
Ireland Soccer
World Cup 2002
Today's Top Quizzes in Sports
Browse Sports
hide this ad
Today's Top Quizzes in World Cup
Browse World Cup
Top Contributed Quizzes in Sports
1
Les meilleurs buteurs des matchs entre le PSG et l’OM
2
2022 World Cup Stars
3
FIFA Club World Cup Champions
4
Les entraîneurs de l'OM et du PSG au 21e siècle
5
Criteria MLB: Left Handed Sluggers
6
AFC Teams Reveal (Wrong Answers Minefield)
7
5-to-1: UK Sports Teams
8
Name the Premier League winners with different clubs
9
5-to-1: FBS Animal Nicknames
10
Players with Multiple 50 Home Run Seasons
Explore More
Trending Topics
Harry Potter
Crossword
Kpop
Marvel
Anime
NBA
Disney
WWE
The Office
Country
Song
Pokémon
NFL
Soccer
Puzzle
hide this ad
More By:
thomchak
Quiz
Plays
Rating
Category
Featured
Created
European Cities in Irish (Gaelic) - Blitz!
9,906
4.40
Geography
Jan 29, 2014
Irish Champions League Winners
8,179
5.00
Sports
Sep 29, 2011
British and Irish Lions Tour Squad 2013
6,503
4.50
Sports
Jun 1, 2013
Real Madrid Players 2000-2010
5,721
4.27
Sports
Jun 23, 2010
Irish footballers in Liverpool
4,653
5.00
Sports
May 20, 2014
Go to Creator's Profile
Score Distribution
Quiz Creator Spotlight
thomchak
Follow
Send a Message
Quizzes Created
-
Created Quiz Play Count
-
More By This Creator
Popular Quizzes Today
1
Find the US States - No Outlines Minefield
2
Find the Countries of Europe - No Outlines Minefield
3
The Countries of the World
4
Find the US States
5
Risky Map Clicking: Biggest States A-Z
6
US States
7
Popular People in 1961
8
Movies - When Are They Set?
More Sports Quizzes
Premier League teams by home kit (2020/21)
Curator's Pick
Trending Quizzes
Risky Map Clicking: Least Populous States A-Z
1-10 Letter G Words
1-10 Letter F Words
Risky Map Clicking: Next State Alphabetically
Click the Washington State Counties! (Map)
Recently Updated
Leaping Animals
pecheneg
Reality TV Shows (A-Z)
bhenderson79
Rickey Henderson's Hall of Fame Teammates
pecheneg
Champions League XIs: Arsenal
pecheneg
Quick Pick: Celebrities in WWE's Hall of Fame
aduchscher
A-Z Keypad Blitz II
pecheneg
Multiple Oscar Actors
pecheneg
Mystery Phrase Blitz: Oscar 'Best Actors'
pecheneg
F. Scott Fitzgerald Novels
LTH
Pick 3 Villains
ddd62291
Trending Topics
Crossword
Anime
Marvel
Disney
Harry Potter
Kpop
NBA
WWE
The Office
Country
Pokémon
Puzzle
NFL
Song
Soccer
Your Account Isn't Verified!
In order to create a playlist on Sporcle, you need to verify the email address you used during registration. Go to your
Sporcle Settings
to finish the process.
Report this User
Report this user for behavior that violates our
Community Guidelines
.
Details:
Send Report
Go to the Sporcle.com Mobile Site →
Comments